000 00358nam a2200169Ia 4500
008 171216s9999 xx 000 0 und d
040 _bHIN
041 _aHINDI
082 _aHA GUP
100 _aManmath Nath Gupta
245 0 _aAl-Zulfikar
260 _bLipi Prakashan
260 _c1995
300 _g103
590 _cRRRLF
650 _aNovalukal
999 _c161306
_d161306